• 首页
  • 本馆介绍
  • 公告通知
  • 最新文献
  • 馆藏检索
  • 电子资源
  • 读者导购
  • 参考咨询
  • 我的图书馆
  • 登录
  • 详细信息显示
  • 放入我的书架
  • 预约/预借图书
  • 作者相关作品
  • 分类相关作品
  • 丛书相关作品
  • 出版社相关作品

书目信息

  • 表格格式
  • 工作单格式
  • 卡片格式
题名:
电路、信号与系统实验指导书
    
 
作者: 吴锡龙 著
分册:  
出版信息: 北京   人民教育出版社  1980
页数: 240页
开本: 19cm
丛书名:
单 册:
中图分类: TM13-33
科图分类:
主题词: 电路理论
电子资源:
ISBN:
000 00653nam0 2200241 45
001 0180006129
005 20040524162752.0
010    @dCNY1.85
091    @a15012.0435
100    @a19950616d1980 em y0chiy0121 ea
101 0  @achi
102    @aCN@b110000
105    @ay z 000yy
106    @ar
200 10 @a电路、信号与系统实验指导书@Adian lu、 xin hao yu xi tong shi yan zhi dao shu@f吴锡龙著
210    @a北京@c人民教育出版社@d1980
215    @a240页@d19cm
606 0  @a电路理论
690    @aTM13-33
701  0 @a吴锡龙@Awu xi long@4著
801  0 @aCN@b上海图书馆@c20040524
801  2 @aCN@bNLC@c20040524
905    @f1@b243242@dTM13-33@e15
    
    电路、信号与系统实验指导书/吴锡龙著.-北京:人民教育出版社,1980
    240页;19cm
    
    
    ISBN :CNY1.85
    
●
相关链接 在E读中查询图书 在五车中查询图书 在当当中查询图书 在豆瓣中查询图书


正题名:电路、信号与系统实验指导书     索取号:TM13-33/15         预约/预借

序号 登录号 条形码 馆藏地/架位号 状态 备注
1 0243241   202448618   第二样本阅览室/ [索取号:TM13-33/15] 在馆    
2 0243242   000801172   第三借阅区/ [索取号:TM13-33/15] 在馆    
唐山师范学院图书馆 欢迎您!
大连网信软件有限公司© 版权所有